| 000 | 00467cam a2200181ua 4500 | ||
|---|---|---|---|
| 001 | 695 | ||
| 008 | 110412n ii |||gr||||Z||||||eng | ||
| 020 | _a81-7072-020-6 | ||
| 040 | _cMAIN | ||
| 082 | _a320.954 | ||
| 245 | 1 |
_aConcern of politics _bThe indian context |
|
| 250 |
_a1st / _bedited by K.C. Markandan. |
||
| 260 |
_aJalandhar: _bABS publications,989. |
||
| 300 |
_a325p: _c20cm. |
||
| 653 | _aPolitical science | ||
| 653 | _aConcern of politics | ||
| 942 | _cBK | ||
| 999 |
_c622 _d622 |
||